000 00897cam a2200313Ia 4500
001 43903
005 20230410105405.0
008 841011s1979 mx b 000 0 spa d
035 _a(OCoLC)ocm11250771
040 _aFQG
_cFQG
_dEL$
_dDRFGD
020 _z9684110090
035 _a(OCoLC)11250771
041 1 _aspa
_hger
050 1 4 _aHB 501
_bM271c 1979
100 1 _aMandel, Ernest,
_d1923-1995.
245 1 3 _aEl capitalismo tardío /
_cErnest Mandel.
250 _a1a ed. en español.
260 _aMéxico, D.F. :
_bEra,
_c1979.
300 _a575 p. ;
_c20 cm.
440 3 _aEl Hombre y su tiempo
500 _aTranslation of: Der Spatkapitalismus.
504 _aIncludes bibliographical references.
650 0 _aCapitalism.
650 0 _aEconomic history
_y1971-
650 4 _aHistoria econó mica
_y1945 ****
942 _2lcc
_cbk
946 _almminaya
994 _aC0
_bDRFGD
999 _c35712
_d35712